[Event "Hampstead U1900 op 30th"]
[Site "Hampstead"]
[Date "2015.07.04"]
[Round "1"]
[White "Pramod Paleri, Adithya P"]
[Black "Shallice, Tim"]
[Result "0-1"]
[WhiteElo "1557"]
[BlackElo "1740"]
[PlyCount "74"]
[EventDate "2015.07.04"]
[EventType "swiss"]
[EventRounds "5"]
[EventCountry "ENG"]
[SourceTitle "EXT 2025"]
[Source "ChessBase"]
[SourceDate "2024.10.14"]
[SourceVersion "1"]
[SourceVersionDate "2024.10.14"]
[SourceQuality "1"]

1. d4 f5 2. Bg5 Nf6 3. Bxf6 exf6 4. e3 g6 5. h4 d5 6. Bd3 Be6 7. Qf3 Qd7 8. Ne2 Nc6 9. c3 0-0-0 10. Nd2 g5 11. g3 Bd6 12. b4 Rdg8 13. hxg5 fxg5 14. Nb3 f4 15. Rh6 Bg4 16. Qh1 fxe3 17. fxe3 Bxe2 18. Kxe2 Qg4+ 19. Kd2 Qxg3 20. Rxh7 Qf2+ 21. Be2 Rxh7 22. Qxh7 Qf8 23. Rf1 Qd8 24. Rf7 g4 25. Qf5+ Kb8 26. Bxg4 a6 27. Nc5 Qh4 28. Rg7 Re8 29. Rh7 Qg3 30. Rh3 Qg2+ 31. Be2 Qg1 32. Qxd5 Bg3 33. Ne4 Qe1+ 34. Kd3 Qb1+ 35. Kc4 Qxa2+ 36. Kc5 Qxe2 37. c4 Be1 0-1